Culture Générale - Série 2556 - Statistiques

Statistiques générales
  • Ce quiz a été pris 97 fois
  • Le résultat moyen est 4 sur 10
Statistiques - réponses
Question Réponse % Correct
C'est un avion de ligne supersonique et une place célèbre parisienne concorde
92%
Quel animal est appelé " rascasse " ? poisson
81%
Tissu de coton utilisé notamment pour la confection des pantalons et des vestes en jeans. Il doit son nom à la ville où ce tissu sergé est fabriqué . denim
53%
Quel animal cacarde ? oie
49%
Émeute, bagarre confuse et de courte durée. Synonymes : accrochage - escarmouche - mêlée - rixe - 12 lettres commençant par " é " échauffourée
41%
Le droit de grâce du président de la République, en France, est un droit .... 8 lettres commençant par " r " régalien
38%
1.Traiter quelqu'un, quelque chose avec beaucoup de mépris. 2. En Suisse, gaspiller ; dilapider - 10 lettres commençant par " v " vilipender
37%
Sous quels prénom et nom connait-on mieux l'actrice Demetria Gene Guynes ? voir photo Demi Moore
33%
Quel animal est appelé " addax " ? antilope
12%
Sous quels prénom et nom connaissait-on mieux Ella Yourievna Kagan (1896-1970) . Première femme à obtenir le prix Goncourt, elle est également connue sous le pseudonyme de Laurent Daniel. Elsa Triolet
10%
Aucun quiz correspondant
Distribution des résultats
% des personnes avec chaque résultat
Percentile par nombre de réponses
Votre historique - résultats
Vous n’avez pas pris ce quiz